Statistiques concernant Avril

Cliquez ici pour prendre le quiz!

Statistiques générales

  • Ce quiz a été pris 70 fois
  • Le résultat moyen est 6 sur 8

Statistiques - réponses

QuestionsRéponses% Correct
Il y a __ jours dans le mois d’avril.30
100%
Dans les calendriers grégoriens et julien avril est le ______ mois de l’année.Quatrième
94%
Le ______ de senteur est la fleur associée au mois d’avril.Pois
93%
La tradition païenne du ________ d'avril, fêtée le 1er avrilPoisson
91%
Le dicton du mois d’avril est « En avril, ne te découvre pas d’un ___ ».Fil
90%
D’après Ovide (poète Romain), ce mois est dédié à la déesse ______, déesse de l’amour, de la séduction et de la beauté féminine dans la mythologie romaine.Vénus
78%
Le ______ est la couleur du mois d’avril.Bleu
70%
Le ________ est la pierre associée au mois d’avril..Diamant
31%

Distribution des résultats

Percentile par nombre de réponses

% des personnes avec chaque résultat

Votre développement - résultats

Vous n’avez pas pris ce quiz